000 01669namaa22003491i 4500
005 20260429133120.0
008 260429s1995 ua ado|frm||| 00| 0 eng d
040 _aEG-GICUC
_beng
_cEG-GICUC
_dEG-GICUC
_erda
041 0 _aeng
_beng
_bara
049 _aDeposit
097 _aPh.D
099 _aCai01.12.21.Ph.D.1995.Im.A.
100 0 _aIman Ismail Abd El Gawad.
_epreparation.
245 1 0 _aAssessment of morphological and biochemical changes during pregnancy in rats under the effect of radiation and progesterone /
_b
_cBy Iman Ismail Abd El Gawad; Supervised By Prof. Dr. F. Abd El-Wahab, Prof. Dr.R. Boulis, Prof. Dr. S.M. Abd El-Aziz.
246 1 5 _aتقدير التغيرات المورفولوجية و البيوكيميائية أثناء الحمل فى الفئران تحت تأثير الإشعاع و البروجستيرون
264 0 _c1995.
300 _a229 pages :
_billustrations ;
_c30 cm. +
336 _2rda content
_atext
337 _2rdamedia
_aUnmediated
338 _2rdacarrier
_avolume
502 _aThesis (Ph.D)-Cairo University, 1995.
504 _aBibliography: pages 212-229
653 0 _azoology
653 0 _aeffect of radiation and progesterone
653 0 _amorphological and biochemical changes
700 0 _aProf. Dr. F. Abd El-Wahab.
_ethesis advisor.
700 0 _aProf. Dr.R. Boulis
_ethesis advisor.
700 0 _aProf. Dr. S.M. Abd El-Aziz.
_ethesis advisor.
900 _DDepartment of zoology
_FFaculty of science
_UCairo University
_b1995.
_cProf. Dr. F. Abd El-Wahab.
_cProf. Dr.R. Boulis.
_cProf. Dr. S.M. Abd El-Aziz.
_dProf. Dr. F. Abd El-Wahab.
905 _aNermeen-A
942 _2ddc
_cTH
_e21
_n0
999 _c179816